Detalles MARC
| 000 -LIDER |
| fixed length control field |
01235cam a2200373 4500 |
| 001 - NÚMERO DE CONTROL |
| Identificador de número de control |
4846075 |
| 003 - IDENTIFICACDOR DE NÚMERO DE CONTROL |
| control field |
DO-SdBNP |
| 005 - DATE AND TIME OF LATEST TRANSACTION |
| control field |
20230320124402.0 |
| 007 - CAMPOS FIJOS DE DESCRIPCIÓN FÍSICA |
| fixed length control field |
4846075 |
| 008 - ELEMENTOS DE LONGITUD FIJA |
| fixed length control field |
101022s2002 mx |||| 000 0 spa |
| 015 ## - NÚMERO DENTRO DE LA BIBLIOGRAFÍA NACIONAL |
| National bibliography number |
|
| 017 ## - NÚMERO DE REGISTRO DE DERECHOS DE AUTOR |
| Copyright or legal deposit number |
|
| Assigning agency |
|
| 020 ## - ISBN |
| International Standard Book Number |
9681910893 |
| 035 ## - NÚMERO LOCAL |
| System control number |
|
| 040 ## - FUENTE DE CATALOGACIÓN |
| Agencia que crea de manera original el registro |
BPMSU |
| Idioma de catalogación |
spa |
| Agencia que realiza la transcripción |
BPMSU |
| Convenciones de la despripción |
|
| 080 ## - NÚMERO DE CLASIFICACIÓN DECIMAL UNIVERSAL |
| Universal Decimal Classification number |
|
| 080 ## - NÚMERO DE CLASIFICACIÓN DECIMAL UNIVERSAL |
| Universal Decimal Classification number |
|
| 082 #4 - NÚMERO DE CLASIFICACIÓN DECIMAL DE DEWEY |
| Classification number |
530.1 |
| Item number |
P238u 2002 |
| Edition number |
22 |
| 100 1# - ASIENTO PRINCIPAL -- NOMBRE PERSONAL |
| Nombre personal |
Parker, Barry |
| Fechas asociadas con el nombre |
1867-1947 |
| 245 13 - MENCIÓN DE TITULO |
| Título |
El universo de Einstein : |
| Subtítulo |
una obra indispensable para comprender la vida y las ideas del científico más importante del Siglo XX / |
| Mención de responsabilidad |
Barry Parker ; traducción Fernando Álvarez del Castillo |
| 246 13 - VARIACION DEL TÍTULO |
| Título propiamente dicho o título corto |
El universo de Einstein |
| 260 ## - PUBLICACIÓN, DISTRIBUCIÓN, ETC. (PIE DE IMPRENTA) |
| Lugar de publicación, distribución, etc |
México : |
| Nombre del editor, distribuidor, etc. |
Aguilar |
| Fecha de publicación, distribución, etc |
2002 |
| 300 ## - DESCRIPCIÓN FÍSICA |
| Extensión |
323 p. ; |
| Dimensiones |
24 cm |
| 504 ## - NOTA DE BIBLIOGRAFÍA, ETC. |
| Bibliography, etc |
Bibliografía: p. 207-208 |
| 534 ## - NOTA SOBRE LA VERSIÓN ORIGINAL |
| Mención de edición del original |
Título original : |
| Mención del título original |
Einstein is Brainchild |
| 590 ## - NOTA LOCAL |
| Enlace |
Inventariado, 2023/VM |
| 600 17 - ENCABEZAMIENTO DE MATERIA--NOMBRE PERSONAL |
| Nombre personal |
Einstein, Albert |
| Fechas asociadas con el nombre |
1879-1955 |
| Subdivisión temática general |
Crítica e interpretación. |
| Fuente del encabezado o término |
|
| 650 #4 - ENCABEZAMIENTO DE MATERIA--TEMÁTICO |
| Término temático o nombre geográfico como elemento de entrada |
Relatividad (Física) |
| Subdivisión de forma |
Teorías. |
| Fuente del encabezamiento o término |
|
| Subdivisión cronológica |
|
| 650 #4 - ENCABEZAMIENTO DE MATERIA--TEMÁTICO |
| Término temático o nombre geográfico como elemento de entrada |
Cosmología. |
| Fuente del encabezamiento o término |
|
| 650 #4 - ENCABEZAMIENTO DE MATERIA--TEMÁTICO |
| Subdivisión de forma |
Teorías. |
| Término temático o nombre geográfico como elemento de entrada |
Gravitación |
| 700 1# - ASIENTO SECUNDARIO -- NOMBRE PERSONAL |
| Nombre personal |
Álvarez del Castillo, Fernando |
| Mención de responsabilidad |
tr. |
| 910 ## - VALIDACIÓN |
| Validación |
VMateo V. Cotrol de calidad (BPMSU) |
| 942 ## - ADDED ENTRY ELEMENTS (KOHA) |
| Source of classification or shelving scheme |
Dewey Decimal Classification |
| Koha item type |
Libros |